| 000 | 00887nam a22003011i 4500 | ||
|---|---|---|---|
| 001 | 01198459 | ||
| 003 | DO-SdBPM | ||
| 005 | 20250529093735.0 | ||
| 007 | 01198459 | ||
| 008 | 930725s1999 sp a spa | ||
| 017 |
_a _b |
||
| 020 | _a8448808673 | ||
| 035 | _a | ||
| 040 |
_aDO-SdBPM _bspa _cBPMSU |
||
| 041 | 1 |
_a _h |
|
| 080 | 0 | _a | |
| 082 |
_a843.91 _bS594t 1999 _222 |
||
| 100 | 1 |
_aSimon, Tom _d |
|
| 245 | 1 | 0 |
_aEl traje azul de Papá Noel / _cTom Simon ; traducción y adaptación de Estrella Borrego. _h |
| 260 |
_aBarcelona : _bBeascoa Internacional, _c1999 |
||
| 300 |
_aVarias paginaciones : _bilustraciones, _c22 cm |
||
| 590 | _aInventariado, 2025/VM | ||
| 650 | 4 | _a Cuentos de navidad | |
| 650 | 4 | _a Cuentos infantiles belgas | |
| 700 | 1 |
_aBorrego, Estrella _etraducción |
|
| 910 | _aVMateo V. Control de calidad. BPMSU | ||
| 942 |
_2ddc _cBK |
||
| 999 |
_c15117 _d15117 |
||